| 000 | 00870nam a22002895a 4500 | ||
|---|---|---|---|
| 008 | 081105t2007 xxua|||frb||| 001 0 eng d | ||
| 010 | _a2006925021 | ||
| 020 | _a0534623719 (pbk.) | ||
| 020 | _a9780534623715 | ||
| 035 | _a(OCoLC)ocm72438209 | ||
| 040 |
_aEG-ScBUE _beng _cEG-ScBUE |
||
| 082 | 0 | 4 |
_a301 _bTHE _222 |
| 100 | _a | ||
| 245 | 1 | 4 |
_aThe essence of anthropology / _cWilliam a. Haviland ... [et al.]. |
| 260 |
_aBelmont, CA : _bThomson Wadsworth, _cc. 2007. |
||
| 300 |
_axxxi, 396 p. : _bill. (some col.) _c28 cm. |
||
| 500 | _aIndex : p. 381-396. | ||
| 500 | _aGlossary : p. 349-355. | ||
| 504 | _aBibliography : p. 357-377. | ||
| 511 | _aCatalogued by: Sara | ||
| 590 | _aMenna Elemam | ||
| 650 | 0 |
_aAnthropology. _2BUEsh |
|
| 651 | _2BUEsh | ||
| 653 |
_bBUSBOL _cApril2015 |
||
| 700 | 1 |
_tHaviland, William. _9766 |
|
| 942 |
_cBB _k301 THE _2ddc |
||
| 999 |
_c8975 _d8975 |
||